Trikots Bundesliga 2025/26 - Statistiken

Allgemein
  • Dieses Quiz wurde 393 mal gespielt
  • Das Durchschnittsergebnis liegt bei 17 aus 18
Antwortstatistiken
Bildquiz Antwort % Korrekt
Werder Bremen
99%
Borussia Dortmund
98%
FC St. Pauli
97%
Bayern München
96%
VfB Stuttgart
96%
1. FSV Mainz 05
95%
Eintracht Frankfurt
95%
VfL Wolfsburg
95%
FC Augsburg
94%
Hamburger SV
94%
1. FC Köln
92%
Bayer Leverkusen
92%
RB Leipzig
92%
TSG 1899 Hoffenheim
92%
Union Berlin
88%
Borussia Mönchengladbach
87%
SC Freiburg
87%
1. FC Heidenheim
82%
Keine übereinstimmenden Quizze gefunden
Verteilung der Resultate
Anzahl Personen mit jedem Resultat
Perzentil nach korrekt beantworteten Fragen
Ihre Resultats-Entwicklung
Sie haben dieses Quiz noch nicht gespielt